00788nam a22002172 4500001001100000005001700011008004100028020001700069040001500086050002500101100003500126245008500161250001200246260003000258300004000288504004100328650005600369650005100425650005200476650004200528000000221620151217151844.0070404s xx 000 0 eng d a025616696X : aKABUcKABU 0aHF5686b.C7F455 19961 aFerris, Kenneth R.@000015149010aFinancial accounting and corporate reporting :ba casebook /cKenneth R. Ferris. a4th ed. aChicago :bIrwin,cc1996. aviii, 557 p. :bill., map ;c25 cm. aIncludes bibliographical references. 0aCorporationsxAccountingxCase studies.@0000151491 0aCorporation reportsxCase studies.@0000151492 0aFinancial statementsxCase studies.@0000151493 0aAccountingxCase studies.@0000151494